00503nam a2200205Ia 450000500170000000800460001702000180006303700100008104000080009104000080009904000080010704100080011504100080012308400080013124500540013926000310019326000090022465000150023385600490024820260306150559.0008 260114s9999 xx 000 0 eng d a9781400862856 aEbook aCRL beng cCRL 2eng aeng qCRL 0aOpinion and Reform in Hume's Political Philosophy bPrinceton University Press c1992 aPhilosophy uhttps://www.degruyter.com/isbn/9781400862856